Words in Alfred Hitchcock Films Quiz Stats

 Plays Quiz not verified by Sporcle

Score 0/35 Timer 10:00
0 Plays Today
% Correct
Birds
94.7%
Northwest
89%
North
88.3%
Murder
88.1%
Psycho
85%
Dial
84.2%
Vertigo
81.8%
Strangers
77.5%
Man
76.3%
Marnie
75.8%
Rear
75.8%
Lady
74.6%
Notorious
72.7%
Suspicion
71.4%
Frenzy
70.8%
Thief
69.7%
Knew
69%
Innocent
68.6%
% Correct
Rope
68.1%
Lifeboat
66.9%
Doubt
66.6%
Steps
64.7%
Foreign
63.4%
Case
60.5%
Trouble
58.6%
Family
58.5%
Blackmail
58.5%
Saboteur
57.6%
Lodger
56.3%
Agent
53.8%
Torn
52.7%
Wrong
51.9%
Under
50.9%
Stage
45.4%
Vienna
33.6%

You're not logged in!

Compare scores with friends on all Sporcle quizzes.
OR
Log In

You Might Also Like...

Show Comments

Extras

Top Quizzes Today


Score Distribution

Your Account Isn't Verified!

In order to create a playlist on Sporcle, you need to verify the email address you used during registration. Go to your Sporcle Settings to finish the process.

Report this User

Report this user for behavior that violates our Community Guidelines.

Details: